000 00554nam a2200157 a 4500
008 120416s1978 ||||||||||||||||| || u
050 _aHB 3730 Arm
100 _aArmstrong, J. Scott
245 1 0 _aLong-range forecasting
246 _afrom crystal ball to computer
260 _aNew York
_bJohn Wiley and Sons
_c1978
300 _axviii, 612p. : Ill.
350 _a0.00
650 _aFORCASTING
995 _D0.00
_FCBU-MAIN LIBRARY (Kitwe)
_H1
_I0.00
_M1
_UAVAILABLE
_ZAnnex Low-Usage Collection
999 _c49502
_d49502